Taylor Swift TLOAS - Sudden Death - Statistics

General Stats
  • This quiz has been taken 139 times
  • The average score is 11 of 12
Answers on the Grid
Answers color-coded by a green-red scale on the quiz's grid according to % correct below.
Champagne Problems
Honey
Rapturous
Eldest Daughter
The Fate of Ophelia
Shiny Bug
Wood
I Can Do It With A Broken Heart
Father Figure
The Life Of A Showgirl
Summertime Spritz
Actually Romantic
Alone In My Tower
Opalite
Ruin The Friendship
Portofino
Elizabeth Taylor
Masked Crusaders
CANCELLED!
Wi$h Li$t
 
Answer Stats
Answer % Correct
Honey
94%
Eldest Daughter
93%
The Fate of Ophelia
93%
Opalite
92%
The Life Of A Showgirl
90%
Actually Romantic
89%
CANCELLED!
89%
Wood
89%
Elizabeth Taylor
88%
Wi$h Li$t
88%
Father Figure
87%
Ruin The Friendship
87%
No matching quizzes found
Score Distribution
Percent of People with Each Score
Percentile by Number Answered
Your Score History
You have not taken this quiz